000 00649nam a2200217Ii 4500
003 JO-AjNU
008 230605s9999||||xx |||||||||||||| ||und||
017 _a2007/6/1622
040 _aJO-AjNU
_bara
_erda
_cJO-AjNU
041 _aara
050 1 4 _aPJ7840.I2.T43 2007
100 3 _aجداية، عبد الرحيم ,
_eauthor
_957581
245 0 0 _aثالثة الاثافي
250 _aط1
264 3 1 _aاربد: المولف، 2007
300 _a134ص
336 _atext
_btxt
_2rdacontent
337 _aunmediated
_bn
_2rdamedia
338 _avolume
_bnc
_2rdacarrier
650 4 _aالشعر العربي- العصر الحديث
_957582
999 _aA25813
_c29381
_d29381